| 000 | 01067cam a22002895a 4500 | ||
|---|---|---|---|
| 001 | E147919 | ||
| 008 | 080404s2008 xxk f u 000 0 eng u | ||
| 020 | _a9781847981264 | ||
| 035 | _a(Sirsi) u147919 | ||
| 041 | 0 | _aeng | |
| 050 | 0 | 4 | _a657.3 $2 18 |
| 110 | 1 |
_aAccounting Standards Board _93454 |
|
| 245 | 0 | 0 |
_aProposed amendments to FRS 29 (IFRS 7) 'financial Instruments, disclosures' _bimprovements to financial instrument disclosures |
| 260 |
_aKingston _bASB _c2008 |
||
| 300 |
_a32p. _c21cm. |
||
| 350 | _a10 | ||
| 490 | 0 | _aASB Financial Reporting Exposure Draft | |
| 490 | 0 | _aASB Financial Reporting Standard | |
| 520 | _aSets out proposed amendments to FRS 29 to take account of proposed amendments to IFRS 7. The deadline for comments on the proposed amendments is 30 January 2009. | ||
| 521 | _aExpert | ||
| 590 | _aKA | ||
| 650 | _aINTERNATIONAL ACCOUNTING STANDARDS BOARD | ||
| 650 | _aFRS29 | ||
| 651 | 4 |
_aUnited Kingdom _y |
|
| 690 | _aMANAGEMENT-BUSINESS MANAGEMENT-FINANCIAL MANAGEMENT-ACCOUNTING-FINANCIAL REPORTING | ||
| 942 | _n0 | ||
| 999 |
_c109789 _d109789 |
||